| 000 | 00391nam a22001577a 4500 | ||
|---|---|---|---|
| 999 |
_c251832 _d251831 |
||
| 003 | OSt | ||
| 005 | 20230818135012.0 | ||
| 008 | 230818b xxu||||| |||| 00| 0 eng d | ||
| 020 | _a0706998499 | ||
| 040 | _cN/A | ||
| 100 | _aMichael .A.M. | ||
| 245 | _aIrrigation :theory and practice | ||
| 260 |
_aNewYork _bVikas Publishing House Pvt Ltd _c2002 |
||
| 300 |
_a801 _bILL |
||
| 942 |
_cBK _2lcc |
||